01859pam a2200337 i 4500001001900000003000600019005001700025008004100042015001900083016001800102020002700120035002100147035002600168035001800194040003500212041001200247042001600259100004200275245004500317264004700362300007000409500003200479500002000511520076700531650003901298650003201337650002801369942000801397952010101405999001501506990226379820107026UkOxU20250915081118.0210109r20212016enka 001|0|eng|d aGBC1079122bnb7 a0200838032Uk a9781786277091cĐ14.99 a(UkOxU)022637982 a(UkOxU)022637982BIB01 a(Uk)020083803 aStDuBDSbengerdacStDuBDSdUk aEnglish aukblcatcopy aLaverty, Christopher,eauthor.92585810aFashion in film c/ Christopher Laverty. 1aLondon :bLaurence King Publishing,c2021. a223 pages :billustrations (black and white, and colour) ;c22 cm aOriginally published: 2016. aIncludes index. aA beautiful compendium of famous fashion designers, their gorgeous creations and the film stars that wore them. Fashion designers have been involved in movies since the early days of cinema. The result is some of the most eye-catching and influential costumes ever committed to film, from Ralph Lauren's trend-setting masculine style for Diane Keaton in Annie Hall to Audrey Hepburn's little black Givenchy dress in Breakfast at Tiffany's. Fashion in Film celebrates the contributions of fashion designers to cinema, exploring key garments, what they mean in context of the narrative, and why they are so memorable. Illustrated with beautiful film stills, fashion images and working sketches, this book will appeal to lovers of both fashion history and cinema. 0aFashion in motion pictures.925859 0a CostumexSymbolic aspects. 0aFashion designers99245 2lcc 00102lcc4070aTBSbTBSd2025-09-15l0oPN1995.9.C65 LAVpB05796r2025-09-15t1w2025-09-15y1 c4932d4932